[Event "23rd OIBM 2019"]
[Site "Gmund am Tegernsee"]
[Date "2019.10.27"]
[Round "2.27"]
[White "Delitzsch, Juergen"]
[Black "Hoffmann, Michael"]
[Result "1/2-1/2"]
[WhiteElo "2197"]
[BlackElo "2445"]
[Annotator "NA"]
[PlyCount "37"]
[EventDate "2019.10.17"]
[EventType "swiss"]
[EventCountry "GER"]
[SourceTitle "playchess.com"]
[Source "ChessBase"]
[SourceQuality "1"]
[TimeControl "40/5400+30:1800+30"]

1. Nf3 {[%emt 0:00:00]} Nf6 {[%emt 0:03:22]} 2. c4 {[%emt 0:00:29]} e6 {[%emt 0:01:20]} 3. Nc3 {[%emt 0:02:03]} d5 {[%emt 0:01:07]} 4. d4 {[%emt 0:00:20]} c6 {[%emt 0:02:27]} 5. e3 {[%emt 0:00:20]} Nbd7 {[%emt 0:00:34]} 6. Qc2 {[%emt 0:00:55]} b6 {[%emt 0:02:22]} 7. Be2 {[%emt 0:06:25]} Bb7 {[%emt 0:01:13]} 8. O-O {[%emt 0:02:56]} Be7 {[%emt 0:11:40]} 9. Rd1 {[%emt 0:11:06]} O-O {[%emt 0:02:57]} 10. b3 {[%emt 0:02:25]} Qc7 {[%emt 0:01:50]} 11. Bb2 {[%emt 0:00:45]} Rad8 {[%emt 0:02:37]} 12. Rac1 {[%emt 0:03:26]} Qb8 {[%emt 0:02:20]} 13. cxd5 {[%emt 0:06:45]} cxd5 {[%emt 0:02:27]} 14. Qb1 {[%emt 0:01:26]} a6 {[%emt 0:03:27]} 15. Bd3 {[%emt 0:05:09]} h6 {[%emt 0:01:05]} 16. Na4 {[%emt 0:09:31]} Bd6 {[%emt 0:03:08]} 17. h3 {[%emt 0:00:35]} Rc8 {[%emt 0:02:47]} 18. Qa1 {[%emt 0:03:29]} Rxc1 {[%emt 0:04:02]} 19. Rxc1 {[%emt 0:00:20]} 1/2-1/2

[Event "23rd OIBM 2019"]
[Site "Gmund am Tegernsee"]
[Date "2019.10.27"]
[Round "2.28"]
[White "Womacka, Mathias"]
[Black "Goldbeck, Lars"]
[Result "1-0"]
[WhiteElo "2436"]
[BlackElo "2203"]
[Annotator "RC"]
[PlyCount "131"]
[EventDate "2019.10.17"]
[EventType "swiss"]
[EventCountry "GER"]
[SourceTitle "playchess.com"]
[Source "ChessBase"]
[SourceQuality "1"]
[TimeControl "40/5400+30:1800+30"]

1. e4 {[%emt 0:00:00]} c6 {[%emt 0:00:00]} 2. d4 {[%emt 0:00:00]} d5 {[%emt 0:00:00]} 3. Nd2 {[%emt 0:00:00]} dxe4 {[%emt 0:00:00]} 4. Nxe4 {[%emt 0:00:00]} Nf6 {[%emt 0:00:00]} 5. Nxf6+ {[%emt 0:00:11]} exf6 {[%emt 0:00:00]} 6. Bc4 {[%emt 0:00:45]} Qe7+ {[%emt 0:01:17]} 7. Qe2 {[%emt 0:02:54]} Bg4 {[%emt 0:02:37]} 8. f3 {[%emt 0:10:04]} Be6 {[%emt 0:10:51]} 9. Bxe6 {[%emt 0:24:32]} Qxe6 {[%emt 0:02:53]} 10. Nh3 {[%emt 0:01:30]} Na6 {[%emt 0:08:41]} 11. Nf4 {[%emt 0:00:28]} Qxe2+ {[%emt 0:00:05]} 12. Kxe2 {[%emt 0:00:03]} O-O-O {[%emt 0:02:34]} 13. c3 {[%emt 0:09:00]} Bd6 {[%emt 0:13:09]} 14. Nh5 {[%emt 0:08:49]} c5 {[%emt 0:06:05]} 15. Be3 {[%emt 0:04:02]} cxd4 {[%emt 0:04:01]} 16. Bxd4 {[%emt 0:01:29]} Bc5 {[%emt 0:02:05]} 17. Rad1 {[%emt 0:08:01]} Bxd4 {[%emt 0:02:44]} 18. Rxd4 {[%emt 0:00:34]} Rxd4 {[%emt 0:00:36]} 19. cxd4 {[%emt 0:00:04]} Rd8 {[%emt 0:05:21]} 20. g4 {[%emt 0:08:23]} f5 {[%emt 0:14:05]} 21. gxf5 {[%emt 0:00:10]} Rxd4 {[%emt 0:00:28]} 22. Nxg7 {[%emt 0:00:30]} Rh4 {[%emt 0:01:16]} 23. Kf2 {[%emt 0:01:06]} Nb4 {[%emt 0:05:53]} 24. Kg3 {[%emt 0:01:00]} Rd4 {[%emt 0:03:07]} 25. a3 {[%emt 0:01:16]} Nd5 {[%emt 0:01:34]} 26. Re1 {[%emt 0:00:40]} Kd7 {[%emt 0:02:33]} 27. Nh5 {[%emt 0:03:06]} Ne7 {[%emt 0:02:37]} 28. Nf6+ {[%emt 0:02:24]} Kd6 {[%emt 0:03:18]} 29. Ne4+ {[%emt 0:00:10]} Kc6 {[%emt 0:00:33]} 30. f6 {[%emt 0:03:15]} Nd5 {[%emt 0:01:06]} 31. Rc1+ {[%emt 0:02:40]} Kd7 {[%emt 0:01:13]} 32. Nc5+ {[%emt 0:00:13]} Kd6 {[%emt 0:00:47]} 33. Nxb7+ {[%emt 0:00:13]} Ke5 {[%emt 0:00:19]} 34. Na5 {[%emt 0:04:50]} Kxf6 {[%emt 0:00:50]} 35. Rc6+ {[%emt 0:00:27]} Kf5 {[%emt 0:01:23]} 36. Rd6 {[%emt 0:00:18]} Nf4 {[%emt 0:01:07]} 37. Rxd4 {[%emt 0:00:24]} Ne2+ {[%emt 0:00:01]} 38. Kf2 {[%emt 0:00:10]} Nxd4 {[%emt 0:00:01]} 39. Ke3 {[%emt 0:01:10]} Ke5 {[%emt 0:01:07]} 40. Nc4+ {[%emt 0:02:13]} Kd5 {[%emt 0:00:05]} 41. Nd2 {[%emt 0:30:07]} Ne6 {[%emt 0:32:29]} 42. b3 {[%emt 0:00:00]} f5 {[%emt 0:00:00]} 43. b4 {[%emt 0:00:00]} Nd4 {[%emt 0:00:00]} 44. Kf4 {[%emt 0:00:00]} h6 {[%emt 0:00:00]} 45. a4 {[%emt 0:00:00]} Ke6 {[%emt 0:00:00]} 46. a5 {[%emt 0:00:00]} Nc6 {[%emt 0:00:00]} 47. Nb3 {[%emt 0:00:00]} Nxb4 {[%emt 0:00:00]} 48. Nd4+ {[%emt 0:00:00]} Kf6 {[%emt 0:00:00]} 49. Nxf5 {[%emt 0:00:00]} Nc6 {[%emt 0:00:00]} 50. Nxh6 {[%emt 0:00:00]} Nxa5 {[%emt 0:00:00]} 51. Ng4+ {[%emt 0:00:00]} Kg6 {[%emt 0:00:00]} 52. Ne5+ {[%emt 0:00:00]} Kf6 {[%emt 0:00:00]} 53. Nd7+ {[%emt 0:00:00]} Kg6 {[%emt 0:00:00]} 54. Ke4 {[%emt 0:00:00]} Nb7 {[%emt 0:00:00]} 55. f4 {[%emt 0:00:00]} Nd6+ {[%emt 0:00:00]} 56. Ke5 {[%emt 0:01:03]} Nf7+ {[%emt 0:00:00]} 57. Ke6 {[%emt 0:00:29]} Nd8+ {[%emt 0:00:00]} 58. Ke7 {[%emt 0:00:13]} Nc6+ {[%emt 0:00:00]} 59. Kd6 {[%emt 0:00:10]} Nd4 {[%emt 0:00:00]} 60. Kd5 {[%emt 0:00:23]} Nf3 {[%emt 0:00:00]} 61. Ne5+ {[%emt 0:01:23]} Nxe5 {[%emt 0:00:00]} 62. Kxe5 {[%emt 0:01:51]} Kf7 {[%emt 0:00:00]} 63. h4 {[%emt 0:00:11]} a5 {[%emt 0:00:00]} 64. Kd5 {[%emt 0:00:18]} Kg6 {[%emt 0:00:00]} 65. Kc5 {[%emt 0:00:05]} Kh5 {[%emt 0:00:00]} 66. f5 {[%emt 0:00:05]} 1-0

[Event "23rd OIBM 2019"]
[Site "Gmund am Tegernsee"]
[Date "2019.10.27"]
[Round "2.29"]
[White "Schnelzer, Reinhold"]
[Black "Bellia, Fabrizio"]
[Result "1/2-1/2"]
[WhiteElo "2192"]
[BlackElo "2433"]
[Annotator "TA"]
[PlyCount "121"]
[EventDate "2019.10.17"]
[EventType "swiss"]
[EventCountry "GER"]
[SourceTitle "playchess.com"]
[Source "ChessBase"]
[SourceQuality "1"]

{[%evp 9,121,14,34,35,40,29,45,41,47,37,29,25,43,33,45,43,47,16,25,31,19,11,29,30,55,35,36,16,16,16,23,31,28,23,75,83,90,86,203,196,193,195,195,195,195,194,180,190,201,137,138,131,155,123,123,129,162,148,151,144,154,137,210,215,197,141,184,118,163,139,140,126,126,126,442,442,430,402,395,179,178,117,117,110,110,110,557,103,112,110,110,110,110,110,110,110,110,0,111,111,111,110,29973,387,360,110,360,359,428,409,349,0,0,0]} 1. d4 Nf6 2. Nf3 e6 3. c4 b6 4. g3 Ba6 5. Qc2 Bb4+ 6. Bd2 {E15: Queen's Indian: 4 g3 sidelines, 4 g3 Ba6 and 4 g3 Bb7 early deviations} Bxd2+ (6... Be7 7. e4 d5 8. cxd5 Bxf1 9. Kxf1 exd5 10. e5 Ne4 11. Nc3 Nxd2+ 12. Qxd2 Qd7 13. Kg2 Nc6 {1-0 (49) Kuzubov,Y (2636)-Ivanchuk,V (2686) Linares 2019}) 7. Nbxd2 d5 8. Bg2 {White is slightly better.} O-O 9. O-O Nbd7 10. Rac1 c5 11. Rfd1 Bb7 $146 ({Predecessor:} 11... Qe7 12. Qa4 Bb7 13. e3 h6 {1-0 (49) Dao,T (2510)-Kunte,A (2536) Beijing 2008}) 12. cxd5 exd5 13. e3 Qe7 14. dxc5 bxc5 15. Qb3 Nb6 16. Qa3 Nfd7 17. Nd4 Rfc8 18. Rc2 a5 19. Ne2 Ne5 20. Nf4 a4 21. Rdc1 {[%cal Rc2c5]} Nbc4 (21... Ra5 $11) 22. Nxc4 $16 dxc4 23. Nd5 Qd7 (23... Bxd5 $16 24. Bxd5 Rab8) 24. Nb6 $18 {[%mdl 64] Double Attack} Qc7 25. Nxa8 Rxa8 26. Rxc4 Nxc4 27. Rxc4 {[%mdl 64] Double Attack} Bxg2 28. Kxg2 {[%mdl 4096] Endgame KQR-KQR} Ra5 29. e4 Qa7 30. Qd3 {[%cal Rd3d8]} h6 31. Qd8+ Kh7 32. Qe8 Ra6 33. Qe5 Ra5 34. h4 Rb5 35. h5 f6 (35... Qa8 $16 36. g4 f6) 36. Qf5+ Kh8 37. Qc8+ Kh7 38. Rc2 (38. a3 $18) 38... Qe7 39. Qf5+ Kh8 40. b3 axb3 41. axb3 Kg8 $2 {[%mdl 8192]} (41... Rxb3 $16 42. Rxc5 Rd3) 42. Rd2 $1 Rb8 43. Rd7 Qf8 44. Qd5+ (44. Rc7 $142) 44... Kh8 45. g4 (45. Kh3 $18) 45... Qg8 $16 46. Qxc5 {Strongly threatening e5.} Qxb3 47. Qd5 Qb6 $2 {[%mdl 8192]} (47... Qb2 $16 {is more resistant.} 48. Qf7 Rg8) 48. Kg3 $2 (48. g5 $1 $18 {[%cal Rg5h6]} Rg8 49. Rb7) 48... Kh7 49. Qd6 Qb1 {[#] And now ...Qg1+ would win.} 50. Kh2 $1 {White threatens g5 and mate.} ({Much worse is} 50. Qxf6 $6 Qg1+ 51. Kh3 Rb3+ 52. f3 Qh1+ 53. Kg3 Qg1+ 54. Kh3 Qh1+ 55. Kg3 Qg1+ 56. Kh3 $11) 50... Qb2 51. Qd4 Qb5 52. Qd5 Qb6 53. Kg2 ({White should play} 53. Qf5+ $16 Kh8 54. Kg2) 53... Re8 (53... Kh8 $1 $11 {keeps the balance.}) 54. Qf7 $36 {[%csl Gd7][%cal Rf7g7][%mdl 2112] Double Attack. White is really pushing.} Rg8 55. Re7 Qc6 $2 {[%mdl 8192] [#]} (55... Kh8 $16 56. Qd5 Qb8) 56. Re6 $2 (56. g5 $1 {[%mdl 512] mates} Kh8 (56... fxg5 57. Re6) 57. gxh6 gxh6+ 58. Kh2 Qd6+ 59. Kh3 Qxe7 60. Qxe7 Rg5 61. Qxf6+ {[%mdl 64] Double Attack} Kg8 62. Qxh6) 56... Qa4 $18 {If Black can now play ...Kh8 this consolidates a bit.} 57. Qg6+ Kh8 {[#]} 58. Rxf6 $1 {[%mdl 512]} Qd4 (58... gxf6 59. Qxh6#) 59. Rd6 Qc5 {If only Black now had time for ...Rf8....} 60. Re6 $2 (60. Rc6 $18 Qe7 61. Qe6) 60... Rf8 $11 61. Re8 {Accuracy: White = 61%, Black = 51%.} 1/2-1/2

[Event "23rd OIBM 2019"]
[Site "Gmund am Tegernsee"]
[Date "2019.10.27"]
[Round "2.30"]
[White "Smith, Bryan"]
[Black "Grigorieva, Yulia"]
[Result "1-0"]
[WhiteElo "2430"]
[BlackElo "2184"]
[Annotator "NA"]
[PlyCount "57"]
[EventDate "2019.10.17"]
[EventType "swiss"]
[EventCountry "GER"]
[SourceTitle "playchess.com"]
[Source "ChessBase"]
[SourceQuality "1"]
[TimeControl "40/5400+30:1800+30"]

1. e4 {[%emt 0:01:45]} e5 {[%emt 0:00:00]} 2. f4 {[%emt 0:00:21]} exf4 {[%emt 0:01:34]} 3. Nf3 {[%emt 0:00:11]} g5 {[%emt 0:02:03]} 4. Nc3 {[%emt 0:00:15]} d6 {[%emt 0:01:29]} 5. d4 {[%emt 0:06:19]} Bg7 {[%emt 0:01:51]} 6. g3 {[%emt 0:00:41]} g4 {[%emt 0:05:54]} 7. Nh4 {[%emt 0:01:05]} f3 {[%emt 0:03:04]} 8. Be3 {[%emt 0:02:29]} Bf6 {[%emt 0:04:43]} 9. Qd2 {[%emt 0:11:20]} Nc6 {[%emt 0:09:43]} 10. Nd5 {[%emt 0:10:30]} Bxh4 {[%emt 0:04:55]} 11. gxh4 {[%emt 0:00:06]} Be6 {[%emt 0:02:46]} 12. O-O-O {[%emt 0:04:03]} Nce7 {[%emt 0:04:00]} 13. Nf4 {[%emt 0:05:22]} d5 {[%emt 0:07:00]} 14. exd5 {[%emt 0:11:15]} Bxd5 {[%emt 0:04:27]} 15. c4 {[%emt 0:05:56]} Be4 {[%emt 0:01:42]} 16. d5 {[%emt 0:01:26]} Nf6 {[%emt 0:10:31]} 17. Bd4 {[%emt 0:01:57]} Nf5 {[%emt 0:01:47]} 18. Re1 {[%emt 0:08:17]} O-O {[%emt 0:06:33]} 19. Bxf6 {[%emt 0:01:07]} Qxf6 {[%emt 0:00:02]} 20. Rxe4 {[%emt 0:00:18]} Qxh4 {[%emt 0:02:17]} 21. Rg1 {[%emt 0:03:04]} Nd6 {[%emt 0:03:00]} 22. Re3 {[%emt 0:05:27]} Kh8 {[%emt 0:04:55]} 23. Rxf3 {[%emt 0:00:30]} Rae8 {[%emt 0:02:35]} 24. Rfg3 {[%emt 0:04:33]} Ne4 {[%emt 0:04:43]} 25. Qd4+ {[%emt 0:00:38]} f6 {[%emt 0:00:02]} 26. Rxg4 {[%emt 0:03:53]} Qe1+ {[%emt 0:02:52]} 27. Kc2 {[%emt 0:00:46]} c5 {[%emt 0:01:00]} 28. Qd3 {[%emt 0:01:43]} b5 {[%emt 0:03:15]} 29. Ng6+ {[%emt 0:00:40]} 1-0

[Event "23rd OIBM 2019"]
[Site "Gmund am Tegernsee"]
[Date "2019.10.27"]
[Round "2.31"]
[White "Zajogin, Alexander"]
[Black "Schultz, Andreas"]
[Result "1-0"]
[WhiteElo "2426"]
[BlackElo "2176"]
[Annotator "TA"]
[PlyCount "105"]
[EventDate "2019.10.17"]
[EventType "swiss"]
[EventCountry "GER"]
[SourceTitle "playchess.com"]
[Source "ChessBase"]
[SourceQuality "1"]

{[%evp 21,105,21,31,14,25,7,21,0,0,0,0,0,-1,0,5,-10,17,20,20,11,40,12,27,0,62,50,56,70,45,48,39,38,41,17,31,40,39,39,46,50,26,8,60,60,60,60,60,60,60,54,85,42,92,51,120,71,86,12,47,66,82,8,292,317,307,179,382,397,862,828,1610,1610,1587,1555,1458,1355,29974,29975,29968,29970,29987,29988,29988,29986,29982,29983]} 1. d4 d5 2. c4 e6 3. Nc3 Nf6 4. cxd5 exd5 5. Bg5 c6 6. Qc2 Be7 7. e3 Nbd7 8. Bd3 h6 9. Bh4 Nh5 10. Bxe7 Qxe7 11. Nge2 Nb6 12. h3 {D36: Queen's Gambit Declined: Exchange Variation: Main line (5 Bg5 c6 6 Qc2)} (12. O-O O-O 13. Rae1 Be6 14. Nc1 Rad8 15. Nb3 Rfe8 16. Nc5 Bc8 17. b4 Nc4 18. Qe2 Qg5 19. f4 Qh4 20. Bxc4 dxc4 {0-1 (37) Navara,D (2724)-Adams,M (2740) Biel 2015}) 12... Bd7 13. Qb3 $146 ({Predecessor:} 13. O-O-O O-O-O 14. g4 Nf6 15. Ng3 Kb8 16. Kb1 Rhe8 17. Rhe1 g6 18. f3 c5 19. Qf2 cxd4 20. exd4 {½-½ (71) Aliyev,R (2380)-Sevdimaliyev,U (2379) Baku 2019}) 13... Be6 14. g4 {The position is equal.} Nf6 15. Nf4 O-O-O 16. Nxe6 fxe6 17. f4 Kb8 18. a4 {[%cal Ba2a4,Ba4a5,Ba5a6][%mdl 32]} Nfd7 19. a5 Nc8 20. Na4 Ka8 21. Qc3 {Threatening a6.} Qd6 22. a6 {[#] axb7+ is the strong threat.} b5 (22... b6 $1 $11) 23. Nc5 $14 Nxc5 $1 24. dxc5 Qc7 25. O-O Rhf8 26. Qd4 Rf7 27. Kg2 Rdf8 28. h4 Ne7 29. h5 Kb8 30. b4 Kc8 31. Ra2 {[%cal Ba1a2,Ba2f2,Bf2f3,Bf3g3][%mdl 32]} Kd8 ({Black should try} 31... Rf6 $11) 32. Raf2 $36 {[%mdl 2048] White has some pressure.} Rf6 33. Rf3 R6f7 34. Qa1 Kd7 35. Rg3 Kc8 36. Qb2 Kd8 37. Qd4 Rf6 (37... Kc8 $14) 38. Qa1 R6f7 39. Kh3 (39. Rff3 $16) 39... Kc8 (39... e5 $5) 40. Rfg1 Kd8 41. g5 ({White should play} 41. Kh2 $16) 41... Nf5 $2 {[%mdl 8192]} (41... e5 $1 $11) 42. Bxf5 $1 $18 Rxf5 {[#]} 43. gxh6 $1 Rxh5+ $2 (43... Qf7 {keeps fighting.} 44. Rxg7 (44. Qa5+ Ke8 $14) 44... Qxh5+ 45. Kg3 Ke8) 44. Kg2 g5 $2 (44... g6 45. Rh1 Rxh1 46. Kxh1 Qh7) 45. Rxg5 Rxh6 46. Rg7 Rf7 47. Rg8+ Ke7 48. Rh1 Rhh7 49. Rxh7 {White mates.} Rxh7 50. Qb1 Rf7 51. Qg6 d4 52. Qg5+ Kd7 53. exd4 {Accuracy: White = 54%, Black = 30%.} 1-0

[Event "23rd OIBM 2019"]
[Site "Gmund am Tegernsee"]
[Date "2019.10.27"]
[Round "2.32"]
[White "Meins, Gerlef"]
[Black "Tonndorf, Matthias"]
[Result "1-0"]
[WhiteElo "2415"]
[BlackElo "2171"]
[Annotator "NA"]
[PlyCount "79"]
[EventDate "2019.10.17"]
[EventType "swiss"]
[EventCountry "GER"]
[SourceTitle "playchess.com"]
[Source "ChessBase"]
[SourceQuality "1"]
[TimeControl "40/5400+30:1800+30"]

1. d4 {[%emt 0:02:45]} Nf6 {[%emt 0:00:00]} 2. Nf3 {[%emt 0:00:15]} e6 {[%emt 0:00:05]} 3. g3 {[%emt 0:01:30]} Bb4+ {[%emt 0:06:37]} 4. c3 {[%emt 0:01:35]} Ba5 {[%emt 0:02:42]} 5. Nbd2 {[%emt 0:13:36]} c6 {[%emt 0:03:16]} 6. e4 {[%emt 0:02:33]} d5 {[%emt 0:01:04]} 7. Bd3 {[%emt 0:08:20]} Bc7 {[%emt 0:02:48]} 8. O-O {[%emt 0:01:14]} O-O {[%emt 0:11:52]} 9. Re1 {[%emt 0:17:19]} b6 {[%emt 0:09:41]} 10. e5 {[%emt 0:09:33]} Nfd7 {[%emt 0:00:30]} 11. h4 {[%emt 0:01:38]} g6 {[%emt 0:06:16]} 12. Ng5 {[%emt 0:05:57]} c5 {[%emt 0:06:43]} 13. Ndf3 {[%emt 0:02:13]} Nc6 {[%emt 0:00:38]} 14. h5 {[%emt 0:02:30]} Qe8 {[%emt 0:04:47]} 15. Qd2 {[%emt 0:08:38]} f5 {[%emt 0:13:16]} 16. hxg6 {[%emt 0:05:52]} Qxg6 {[%emt 0:02:34]} 17. Kg2 {[%emt 0:02:48]} Re8 {[%emt 0:00:47]} 18. Rh1 {[%emt 0:00:41]} Nf8 {[%emt 0:00:31]} 19. Nh3 {[%emt 0:02:20]} Bd8 {[%emt 0:01:04]} 20. Nf4 {[%emt 0:00:45]} Qg4 {[%emt 0:00:49]} 21. Bb5 {[%emt 0:03:49]} Bd7 {[%emt 0:00:35]} 22. Bxc6 {[%emt 0:00:21]} Bxc6 {[%emt 0:00:13]} 23. Nh5 {[%emt 0:00:16]} Qg6 {[%emt 0:02:18]} 24. Qh6 {[%emt 0:01:27]} Nd7 {[%emt 0:06:32]} 25. Bg5 {[%emt 0:00:38]} Qxh6 {[%emt 0:01:52]} 26. Bxh6 {[%emt 0:00:03]} b5 {[%emt 0:01:27]} 27. Bg5 {[%emt 0:00:41]} Bb6 {[%emt 0:01:09]} 28. Rh4 {[%emt 0:01:25]} a5 {[%emt 0:00:48]} 29. Rah1 {[%emt 0:00:35]} Ra7 {[%emt 0:00:03]} 30. Nf6+ {[%emt 0:01:17]} Nxf6 {[%emt 0:00:05]} 31. exf6 {[%emt 0:00:11]} Rf8 {[%emt 0:04:38]} 32. Ne5 {[%emt 0:00:08]} Be8 {[%emt 0:00:24]} 33. Rh6 {[%emt 0:02:38]} cxd4 {[%emt 0:06:49]} 34. f7+ {[%emt 0:00:16]} Raxf7 {[%emt 0:01:16]} 35. Nxf7 {[%emt 0:00:18]} Bxf7 {[%emt 0:00:40]} 36. Rxh7 {[%emt 0:00:13]} Bg6 {[%emt 0:00:17]} 37. Rb7 {[%emt 0:00:51]} Bc5 {[%emt 0:01:12]} 38. Bf4 {[%emt 0:00:49]} Rf7 {[%emt 0:01:09]} 39. Rxb5 {[%emt 0:00:24]} Bf8 {[%emt 0:01:17]} 40. cxd4 {[%emt 0:00:37]} 1-0

[Event "23rd OIBM 2019"]
[Site "Gmund am Tegernsee"]
[Date "2019.10.27"]
[Round "2.33"]
[White "Paris, Michael"]
[Black "Badelka, Olga"]
[Result "1-0"]
[WhiteElo "2186"]
[BlackElo "2413"]
[Annotator "TA"]
[PlyCount "89"]
[EventDate "2019.10.17"]
[EventType "swiss"]
[EventCountry "GER"]
[SourceTitle "playchess.com"]
[Source "ChessBase"]
[SourceQuality "1"]

{[%evp 26,89,14,13,10,0,8,0,0,-17,-18,-3,-6,-4,-6,-14,-3,-28,-7,-16,-12,-21,-21,-54,-34,-122,-104,-121,-112,-111,-119,-110,-57,-58,-56,-72,-70,-63,0,0,10,13,35,0,197,0,0,0,0,0,0,9,62,0,0,0,185,162,658,677,670,670,670,670,619,608]} 1. d4 ({Predecessor:} 1. Nf3 g6 2. d4 Bg7 3. e3 c5 4. dxc5 Qa5+ 5. Nbd2 Qxc5 6. c4 b6 7. a3 Bb7 8. Be2 Qc7 9. O-O Nf6 10. Nd4 O-O 11. b4 d6 12. Bb2 Nbd7 13. Rc1 Rac8 14. Qb3 a6 15. Rfd1 Ne5 16. N4f3 Ned7 17. Ne1 {½-½ (18) Kaenel,H (2356)-Zueger,B (2395) Samnaun 2004}) 1... Nf6 2. Nf3 c5 3. e3 g6 4. dxc5 Qa5+ 5. Nbd2 Bg7 6. a3 Qxc5 7. b4 Qc7 8. Bb2 O-O 9. c4 b6 10. Be2 Bb7 11. O-O d6 12. Qb3 Nbd7 13. Rac1 Rac8 14. Rfd1 Qb8 {A48: 1 d4 Nf6 2 Nf3 g6: Torre, London and Colle Systems} 15. Ne1 $146 (15. Nb1 Ne4 16. Bxg7 Kxg7 17. Nfd2 Ndf6 18. Nxe4 Bxe4 19. Nc3 Bc6 20. Bf1 Rc7 21. f3 Qc8 22. e4 {0-1 (65) Aleksandrov,A (2589)-McShane,L (2640) Katowice 2017}) 15... a6 16. Bf3 Rc7 {The position is equal.} 17. Rc2 Rfc8 18. Rdc1 e5 19. Qd3 Bf8 20. h3 Be7 21. e4 Nf8 22. g3 Ne6 23. h4 Bc6 24. Qb3 Qa8 {[%cal Rf6e4]} 25. c5 ({White should play} 25. Qe3 $15) 25... bxc5 $17 26. bxc5 Nxc5 27. Rxc5 dxc5 28. Bxe5 Rb7 (28... Nxe4 $2 29. Nxe4 (29. Bxe4 Rd7 $16) 29... Bxe4 30. Bxe4 $18) (28... Rd7 $17 29. Qe3 Re8) 29. Qe3 $15 Nd7 30. Bc3 Qb8 31. Nd3 {[#]} Re8 (31... c4 $1 $15 32. Nb4 (32. Nxc4 Bb5) 32... Bxb4 33. axb4 Ne5) 32. h5 $11 (32. Qh6 Bf8 $17) 32... Bf8 33. hxg6 fxg6 34. Bg4 $40 {[%mdl 128] [#] Black needs to defend precisely.} Bg7 $2 (34... a5 $1 $11 {and Black stays safe.}) 35. Bxd7 $2 ({White must play} 35. Bxg7 $18 Kxg7 36. Nxc5) 35... Rxd7 36. Nxc5 Rf7 37. Bxg7 Rxg7 38. Nxa6 Qa8 ({Better is} 38... Qd6 $11) 39. Qb6 (39. Nc5 $1 $14) 39... Bxe4 {...Bh1 is the strong threat.} 40. Nc7 $1 {[%cal Rc7e8]} Rxc7 $2 (40... Qxa3 $11 {and Black has nothing to worry.} 41. Re1 {[#]} Rxc7 $1 {[%mdl 512]} 42. Qxc7 Qb4) 41. Rxc7 $18 {Qf6 would kill now.} ({Don't do} 41. Qxc7 $6 Bd5 $16) 41... Bh1 $2 (41... Bd5) 42. f3 $1 {Intending Qb3+ and mate.White is clearly winning.} Qd5 43. Qb2 {[%csl Gc7][%cal Rb2g7]} ({Don't go for} 43. Kxh1 $2 Re1+ 44. Qg1 Qxd2 $19) 43... Qe5 44. Qxe5 Rxe5 45. Ne4 {Accuracy: White = 43%, Black = 45%.} ({Weaker is} 45. Kxh1 Re1+ 46. Kh2 Re2+ 47. Kh3 Rxd2 $18) 1-0

[Event "23rd OIBM 2019"]
[Site "Gmund am Tegernsee"]
[Date "2019.10.27"]
[Round "2.34"]
[White "Zysk, Robert"]
[Black "Loew, Gerald"]
[Result "0-1"]
[WhiteElo "2412"]
[BlackElo "2162"]
[Annotator "TA"]
[PlyCount "112"]
[EventDate "2019.10.17"]
[EventType "swiss"]
[EventCountry "GER"]
[SourceTitle "playchess.com"]
[Source "ChessBase"]
[SourceQuality "1"]

{[%evp 10,112,11,4,2,-4,-4,-55,-10,-17,34,14,45,44,35,41,42,32,66,57,85,84,99,93,106,99,86,78,90,96,97,79,108,103,89,97,97,79,81,73,133,134,138,149,133,141,126,31,84,88,194,148,161,134,134,135,193,178,179,152,137,142,125,0,113,27,18,-110,-127,-266,-249,-414,-410,-406,-383,-374,-365,-494,-620,-608,-618,-618,-601,-581,-568,-558,0,0,0,0,0,0,0,0,0,0,0,-2757,-3638,-29966,-6422,-29987,-29988,-29987,-29988]} 1. d4 d6 2. c4 e5 3. e3 Be7 4. Nc3 f5 5. g3 Nf6 6. Bg2 c6 {A21: English Opening: 1...e5 2 Nc3} (6... O-O 7. Nge2 Na6 8. O-O c6 9. b3 e4 10. d5 Nc5 11. f3 cxd5 12. cxd5 exf3 13. Bxf3 Bd7 14. Nd4 Rc8 15. Nce2 {½-½ (28) Ernst,S (2548)-Efimenko,Z (2636) Germany 2017}) 7. Nge2 O-O 8. b4 (8. h4 $11) 8... Kh8 {Black is slightly better.} 9. O-O Qe8 $146 (9... Be6 $11) ({Predecessor:} 9... Nbd7 10. Qc2 Nb6 11. c5 Nbd5 12. cxd6 Bxd6 13. dxe5 Bxe5 14. Rb1 {1-0 (56) Leitner,G (2206)-Gattermayer,R (2004) Austria 2013}) 10. b5 $14 a6 {[%cal Ra6b5]} (10... Be6 $5 {[%cal Re6c4]}) 11. bxc6 Nxc6 12. Nd5 Nxd5 13. cxd5 Nd8 14. Ba3 {dxe5 is the strong threat.} Nf7 15. dxe5 Nxe5 16. Rc1 Bd7 17. Nd4 Bb5 18. Re1 Qd7 19. Rb1 Bd3 20. Rb3 Be4 21. f4 Bxg2 22. Kxg2 Nc4 23. Bc1 Rac8 24. Ne6 Rf6 ({Black should try} 24... Rf7) 25. Bb2 $16 Rxe6 26. dxe6 Qxe6 27. Qd3 $1 b5 28. Bd4 (28. e4 $16) 28... Bf6 (28... d5 $14) 29. Bxf6 Qxf6 (29... gxf6 $16 30. Kg1 d5) 30. Qd4 Qf7 31. Rd3 h6 32. Qd5 Qf6 (32... Qe8 $16 33. Kf2 (33. Qxf5 Rc5 $11) 33... Rc5) 33. Re2 Rc5 34. Qa8+ Kh7 35. e4 ({Much worse is} 35. Qxa6 $6 Qa1 $11) 35... Qe6 36. Qb7 (36. Kf2 $16) 36... Na5 (36... Qe8 $1 $11) 37. Qxa6 (37. Qb8 $1 $16) 37... Nc6 $11 38. Rde3 {[#]} (38. Qa3 $11 {keeps the balance.}) 38... Nd4 $1 $17 39. Rf2 (39. Qb7 $17 {is a better defense.} Nxe2 40. Rxe2) 39... fxe4 $19 40. Qb7 $2 (40. Qa8 d5 41. Qf8) 40... d5 {And now ...Nc2 would win.} 41. Qa7 Rc4 42. g4 {[#]} Nc2 $1 {[%cal Rc2e3]} 43. Rg3 {White wants to play f5.} e3 {Strongly threatening ...Qe4+.} 44. Re2 Qe4+ {[%mdl 64] Double Attack} 45. Kh3 Qxf4 {Threatens to win with ...Qf1+.} 46. Qd7 d4 47. Qd5 Rc3 $2 (47... Nb4 $19 48. Qf3 Qxf3 49. Rxf3 Nd5) 48. g5 $1 $11 {[%cal Rg5g6] g6+ would kill now.} hxg5 (48... h5 $5 49. g6+ $8 {[%mdl 64] Discovered Attack} Kh6 $11) 49. Rxg5 $40 {[%mdl 128] Threatening mate with Rh5+. White attacks.} g6 50. Qd7+ Kh6 51. Rxg6+ Kxg6 52. Rg2+ Kf6 53. Qg7+ $2 {[%mdl 8192]} (53. Qd8+ $11 Ke5 54. Qe8+ Kd6 55. Rg6+ Kc5 56. Rc6+ Kb4 57. Qe7+ Ka5 58. Qa7+ Kb4 59. Qe7+ Ka5 60. Qa7+ Kb4 61. Qe7+) 53... Ke6 $19 54. Rg6+ Kd5 {( -> ...e2+)} 55. Rg5+ Kc4 56. Qg8+ Kb4 {Accuracy: White = 60%, Black = 52%.} 0-1